[Event "Michigan Open"]
[Site "Flint, MI"]
[Date "1998.??.??"]
[Round "?"]
[White "Kulbacki, James"]
[Black "Wydryck, Robert"]
[Result "1/2-1/2"]
[WhiteElo "2045"]
[BlackElo "1925"]
[PlyCount "49"]
[EventDate "1998.09.??"]

{9/7} 1. d4 Nf6 2. c4 c5 3. d5 g6 4. Nc3 Bg7 5. e4 d6 6. Be2 O-O 7. Bg5 h6 8.
Be3 Na6 9. h3 e6 10. Nf3 exd5 11. exd5 Bf5 12. Qd2 Kh7 13. O-O Nc7 14. Bd3 Bxd3
15. Qxd3 a6 16. a4 Rb8 17. Nh2 Re8 18. Rae1 Qd7 19. Kh1 b5 20. axb5 axb5 21. b3
bxc4 22. bxc4 Na6 23. Nb5 Nc7 24. Nxc7 Qxc7 25. Rb1 1/2-1/2

[Event "Michigan Open"]
[Site "Flint, MI"]
[Date "1998.??.??"]
[Round "?"]
[White "Kulbacki, James"]
[Black "Wisckol, Richard"]
[Result "0-1"]
[WhiteElo "2045"]
[BlackElo "1905"]
[PlyCount "64"]
[EventDate "1998.09.??"]

{9/5} 1. d4 Nf6 2. c4 g6 3. Nc3 Bg7 4. e4 d6 5. Be2 O-O 6. Bg5 h6 7. Bh4 Nbd7
8. h3 e5 9. d5 a5 10. Qc2 Nc5 11. Nf3 Bd7 12. O-O Qc8 13. Ne1 Nh7 14. Nd3 Nxd3
15. Bxd3 f5 16. f4 exf4 17. exf5 g5 18. Bf2 Bxf5 19. c5 Bxd3 20. Qxd3 Qf5 21.
Qc4 Be5 22. Rad1 Nf6 23. Nb5 Rf7 24. Nd4 Bxd4 25. Rxd4 Re7 26. Qb5 Rae8 27.
Qxa5 Ne4 28. cxd6 cxd6 29. Qa3 Nxf2 30. Rxf2 Re1+ 31. Rf1 Rxf1+ 32. Kxf1 Qb1+
0-1

[Event "Michigan Open"]
[Site "Flint, MI"]
[Date "1998.??.??"]
[Round "4"]
[White "Kulbacki, James"]
[Black "Moody, David"]
[Result "0-1"]
[WhiteElo "2045"]
[BlackElo "1930"]
[PlyCount "76"]
[EventDate "1998.09.??"]

{9/6} 1. Nf3 Nf6 2. b3 g6 3. Bb2 Bg7 4. e3 O-O 5. Be2 c5 6. O-O Nc6 7. c4 d6 8.
Nc3 Ne4 9. Qc1 Nxc3 10. Bxc3 e5 11. Qb2 f5 12. d4 cxd4 13. exd4 e4 14. Ne1 Qf6
15. Rd1 f4 16. f3 e3 17. d5 Qxc3 18. Qxc3 Bxc3 19. dxc6 bxc6 20. Rxd6 Bf5 21.
g4 Bb1 22. c5 Bxa2 23. Bc4+ Kg7 24. Ng2 a5 25. Rc1 a4 26. h4 Bd2 27. Rd1 Bxb3
28. Bxb3 axb3 29. Rb1 Rfb8 30. Ne1 Bxe1 31. Rxe1 b2 32. Rdd1 Ra2 33. Rd7+ Kf6
34. Rb1 Ra1 35. Rdd1 Rxb1 36. Rxb1 Ke5 37. Kf1 Kd4 38. Ke2 Kc3 0-1

[Event "Michigan Open"]
[Site "Flint, MI"]
[Date "1998.??.??"]
[Round "?"]
[White "Kulbacki, James"]
[Black "Brumley, Ron"]
[Result "1-0"]
[WhiteElo "2045"]
[BlackElo "1755"]
[PlyCount "57"]
[EventDate "1998.09.??"]

{9/7} 1. d4 d5 2. c4 dxc4 3. Nf3 Nf6 4. e3 Bg4 5. Bxc4 e6 6. h3 Bh5 7. Nc3 c5
8. g4 cxd4 9. exd4 Bg6 10. Qb3 Qc8 11. Bf4 Nc6 12. Rc1 Qd7 13. Ne5 Qxd4 14.
Qxb7 Nxe5 15. Qxa8+ Ke7 16. Rd1 Bd3 17. Rxd3 Nxd3+ 18. Bxd3 Qxd3 19. Qxa7+ Nd7
20. Qe3 Qa6 21. Qe2 Qb7 22. O-O g6 23. Rd1 Bg7 24. Nd5+ Kf8 25. Bd6+ Ke8 26. b4
h5 27. g5 h4 28. a4 Rh5 29. Qe3 1-0

[Event "Michigan Amateur"]
[Site "Kalamazoo "]
[Date "1998.??.??"]
[Round "?"]
[White "Krzyston, Joe"]
[Black "Varner, Bill"]
[Result "1/2-1/2"]
[WhiteElo "1605"]
[BlackElo "1605"]
[PlyCount "122"]
[EventDate "1998.07.??"]

{7/19} 1. e4 e5 2. f4 exf4 3. Nf3 d6 4. Bc4 Bg4 5. d4 Bxf3 6. Qxf3 d5 7. Bxd5
Ne7 8. Bxb7 Nd7 9. Bxa8 Qxa8 10. Bxf4 Qb7 11. Nc3 Ng6 12. Nd5 Nxf4 13. Qxf4
Bb4+ 14. c3 Ba5 15. O-O O-O 16. b4 Bb6 17. a4 a5 18. b5 Nf6 19. Rf3 Nxd5 20.
Qe5 Nf6 21. Rxf6 gxf6 22. Qxf6 Qxe4 23. Rf1 Qe3+ 24. Kh1 Qxc3 25. h3 Bxd4 26.
Qg5+ Kh8 27. Qf5 Be5 28. Qe4 Qg3 29. Kg1 Qc3 30. Qh4 f6 31. Qe4 Rd8 32. Qg4 Rd4
33. Qc8+ Kg7 34. b6 Qe3+ 35. Kh1 cxb6 36. Qb7+ Kh6 37. Qxb6 Qg3 38. Kg1 Rd2 39.
Rxf6+ Bxf6 40. Qxf6+ Qg6 41. Qf8+ Qg7 42. Qf4+ Qg5 43. Qf8+ Kh5 44. Qf3+ Kh4
45. Qe4+ Kh5 46. Qf3+ Kg6 47. Qc6+ Kf5 48. Qc8+ Ke4 49. Qe8+ Qe5 50. Qc6+ Rd5
51. Qc2+ Ke3 52. Qf2+ Kd3 53. Qf1+ Kc2 54. Qc4+ Kd1 55. Qb3+ Ke1 56. Qb1+ Rd1
57. Qc2 Qd4+ 58. Kh2 Kf1 59. Qf5+ Qf2 60. Qb5+ Ke1 61. Qxa5+ Rd2 1/2-1/2

[Event "Kalamazoo Mini-Swiss.2"]
[Site "Kalamazoo, MI"]
[Date "1998.??.??"]
[Round "?"]
[White "Krzyston, Joe"]
[Black "VanderLaan, D."]
[Result "0-1"]
[WhiteElo "1605"]
[BlackElo "1605"]
[PlyCount "46"]
[EventDate "1998.??.??"]

1. e4 e6 2. d4 d5 3. Nc3 Bd7 4. e5 c5 5. Nf3 a6 6. Bd3 Nc6 7. Be2 Nge7 8. dxc5
Ng6 9. Bg5 Be7 10. Qd2 Bxg5 11. Nxg5 Ncxe5 12. Bh5 O-O 13. Bxg6 Nxg6 14. O-O-O
Rc8 15. Qd3 Qc7 16. Qh3 h6 17. Nf3 Qf4+ 18. Rd2 Rxc5 19. Ne2 Qa4 20. Nc3 Rxc3
21. bxc3 Qxa2 22. Kd1 Nf4 23. Qg3 Qb1# 0-1

[Event "Kalamazoo Mini-Swiss.1"]
[Site "Kalamazoo, MI"]
[Date "1998.??.??"]
[Round "?"]
[White "Krzyston, Joe"]
[Black "Treacy, Joe"]
[Result "0-1"]
[WhiteElo "1605"]
[BlackElo "1660"]
[PlyCount "48"]
[EventDate "1998.??.??"]

1. e4 c5 2. Nf3 d6 3. d4 cxd4 4. Nxd4 Nf6 5. Nc3 a6 6. Bc4 e6 7. Be3 Be7 8. O-O
O-O 9. f4 b5 10. Bd3 Qc7 11. Nf3 Nbd7 12. a4 b4 13. Ne2 a5 14. b3 Bb7 15. Ng5
h6 16. Nf3 Nxe4 17. Nfd4 Ndf6 18. f5 e5 19. Ne6 fxe6 20. Bxh6 Qc5+ 21. Be3
Qxe3+ 22. Kh1 Nf2+ 23. Rxf2 Qxf2 24. Ng3 Bxg2# 0-1

[Event "Lansing Mini-Swiss.3"]
[Site "Lansing, MI"]
[Date "1998.??.??"]
[Round "?"]
[White "Krzyston, Joe"]
[Black "Stanek, M."]
[Result "0-1"]
[WhiteElo "1605"]
[BlackElo "1605"]
[PlyCount "53"]
[EventDate "1998.??.??"]

1. e4 c6 2. d4 d5 3. Nc3 dxe4 4. Nxe4 Bf5 5. Nc5 Qb6 6. c3 Nf6 7. Nf3 e6 8. Ne5
Bxc5 9. Nc4 Qd8 10. Bd3 Bxd3 11. Qxd3 O-O 12. O-O Be7 13. Ne5 Nbd7 14. Nf3 Qc7
15. Bg5 Rad8 16. Bh4 c5 17. Rfe1 Rfe8 18. Ng5 Nf8 19. Ne4 Nxe4 20. Bxe7 Rxe7
21. Rxe4 Red7 22. Qc4 cxd4 23. Qxc7 Rxc7 24. Rxd4 Rxd4 25. cxd4 Rc2 26. Rb1 Nd7
27. Kf1 {[Remainder illegible]} 0-1

[Event "Michigan Amateur"]
[Site "Kalamazoo "]
[Date "1998.??.??"]
[Round "?"]
[White "Krzyston, Joe"]
[Black "Pash, S."]
[Result "0-1"]
[WhiteElo "1605"]
[BlackElo "1605"]
[PlyCount "53"]
[EventDate "1998.07.??"]

{7/18} 1. e4 g5 2. d4 Bg7 3. Nf3 d6 4. Bc4 h6 5. O-O Nf6 6. Nc3 a6 7. e5 Nh5 8.
exd6 cxd6 9. Be3 Nd7 10. a3 e6 11. Ne4 Qc7 12. b3 d5 13. Nc5 dxc4 14. bxc4 Nxc5
15. Rb1 Ne4 16. Qd3 Nhf6 17. Ne5 O-O 18. f3 Nd6 19. d5 Nfe8 20. Bb6 Qb8 21. Bd4
Nf5 22. Bc5 Bxe5 23. Bxf8 Bxh2+ 24. Kh1 Kxf8 25. Qc3 Neg7 26. Rfd1 Be5 27. Qb4+
{[Remainder illegible]} 0-1

[Event "Kalamazoo Mini-Swiss.2"]
[Site "Kalamazoo, MI"]
[Date "1998.??.??"]
[Round "?"]
[White "Krzyston, Joe"]
[Black "Jensen, Robert"]
[Result "0-1"]
[WhiteElo "1605"]
[BlackElo "1605"]
[PlyCount "92"]
[EventDate "1998.??.??"]

1. e4 e5 2. f4 Nc6 3. Nf3 d6 4. Bc4 Nf6 5. Nc3 Be7 6. d3 a6 7. Nd5 exf4 8. Bxf4
Na5 9. Nxf6+ Bxf6 10. Bb3 Bxb2 11. Bxf7+ Kxf7 12. Rb1 Bf6 13. O-O Ke8 14. e5
Be7 15. exd6 cxd6 16. Nd4 Nc6 17. Nb3 Be6 18. Qf3 Bxb3 19. Rxb3 Qc7 20. Qh5+ g6
21. Qd5 Rf8 22. g3 Kd7 23. Rbb1 Rf5 24. Qe4 Raf8 25. d4 b5 26. d5 Ne5 27. h3
Qc4 28. Qxc4 Nxc4 29. Rb3 Bg5 30. g4 Rxf4 31. Re1 Rd4 32. Rd3 Rxd3 33. cxd3 Nb6
34. Rb1 Nxd5 35. a4 Nc3 36. Rb2 Nxa4 37. Rb4 Rf3 38. Kg2 Rxd3 39. Rb1 Rc3 40.
Rf1 b4 41. Rf7+ Kc6 42. Rxh7 b3 43. h4 Bxh4 44. Rxh4 b2 45. Rh8 Rb3 46. Rc8+
Kd5 0-1

[Event "Michigan Amateur"]
[Site "Kalamazoo "]
[Date "1998.??.??"]
[Round "?"]
[White "Krzyston, Joe"]
[Black "Griffin, John"]
[Result "0-1"]
[WhiteElo "1605"]
[BlackElo "1605"]
[PlyCount "90"]
[EventDate "1998.07.??"]

{7/18} 1. e4 c5 2. Nf3 Nc6 3. d4 cxd4 4. Nxd4 Nf6 5. Nc3 e5 6. Nb3 Bb4 7. f3
O-O 8. Be3 d5 9. Bg5 d4 10. Bd2 dxc3 11. bxc3 Be7 12. Qe2 Be6 13. Be3 Qc7 14.
Bc5 Rfd8 15. Bxe7 Nxe7 16. Qe3 b6 17. Be2 Rac8 18. O-O Qxc3 19. Qxc3 Rxc3 20.
Rac1 Bc4 21. Bxc4 Rxc4 22. Nd2 Rc7 23. Rf2 Kf8 24. h3 Nd7 25. f4 f6 26. g4 exf4
27. h4 h6 28. Rxf4 Ng6 29. Rf2 Nxh4 30. Nf3 Nxf3+ 31. Rxf3 Ne5 32. Rg3 Rcd7 33.
Kh2 Rd1 34. Rxd1 Rxd1 35. Rg2 Rd4 36. Re2 Nxg4+ 37. Kg3 Ne5 38. Kf4 Kf7 39. c3
Rc4 40. Rc2 Nd3+ 41. Ke3 Nc5 42. e5 Re4+ 43. Kf3 Rxe5 44. Re2 Rxe2 45. Kxe2 Ke6
0-1

[Event "Kalamazoo Mini-Swiss.2"]
[Site "Kalamazoo, MI"]
[Date "1998.??.??"]
[Round "?"]
[White "Krzyston, Joe"]
[Black "Draper, M."]
[Result "0-1"]
[WhiteElo "1605"]
[BlackElo "1605"]
[PlyCount "114"]
[EventDate "1998.??.??"]

1. e4 e5 2. f4 Nc6 3. Nf3 d6 4. Bb5 Qe7 5. d4 a6 6. Bc4 b5 7. Bd5 Bb7 8. f5 Nf6
9. Nc3 Nxd5 10. Nxd5 Qd7 11. Bh6 Ne7 12. f6 gxh6 13. fxe7 Bxe7 14. dxe5 Rc8 15.
Qd2 Qg4 16. O-O-O Bg5 17. Nxg5 Qxg5 18. Qxg5 hxg5 19. exd6 cxd6 20. Nf6+ Ke7
21. e5 Rcd8 22. Rhe1 dxe5 23. Rxd8 Rxd8 24. Ng4 e4 25. Nh6 Rf8 26. g3 Kf6 27.
Ng4+ Kg6 28. Ne5+ Kh5 29. Nd7 Rc8 30. Nf6+ Kg6 31. Nxe4 Re8 32. Kd2 Rxe4 33.
Rxe4 Bxe4 34. c3 h5 35. Ke3 Kf5 36. h3 Bb1 37. a3 Ba2 38. b4 Ke5 39. Kf3 f5 40.
Ke3 Bc4 41. Kf3 g4+ 42. hxg4 hxg4+ 43. Kf2 Ke4 44. Kg2 Kd3 45. Kf2 Kxc3 46. Ke3
Kb3 47. Kf4 Bd3 48. Ke3 Bb1 49. Kd4 f4 50. gxf4 g3 51. Ke3 Kxa3 52. Kf3 Kxb4
53. Kxg3 a5 54. Kf3 Kb3 55. Ke3 a4 56. Kd2 a3 57. Kc1 Bf5 0-1

[Event "Kalamazoo Mini-Swiss.2"]
[Site "Kalamazoo, MI"]
[Date "1998.??.??"]
[Round "?"]
[White "Krzyston, Joe"]
[Black "Carpenter, O."]
[Result "0-1"]
[WhiteElo "1605"]
[BlackElo "1605"]
[PlyCount "64"]
[EventDate "1998.??.??"]

1. e4 c5 2. Nf3 d6 3. d4 cxd4 4. Nxd4 e5 5. Nf3 Nf6 6. Nc3 Nc6 7. Bc4 Bg4 8. h3
Bh5 9. g4 Bg6 10. Nh4 Bxe4 11. Rg1 Nd4 12. Bg5 Nxc2+ 13. Kf1 Nxa1 14. Nxe4 Be7
15. Qa4+ Kf8 16. Qd1 Nxe4 17. Qf3 Nxg5 18. Qd5 g6 19. Nf3 Ne6 20. h4 Rc8 21.
Nxe5 dxe5 22. Qxe5 Qd1+ 23. Kg2 Qxg4+ 24. Kf1 Qxc4+ 25. Kg2 Qg4+ 26. Qg3 Qxg3+
27. fxg3 Nc2 28. Kh3 Ncd4 29. Rg2 Rc2 30. Rxc2 Nxc2 31. Kg2 Ncd4 32. Kf2 Kg7
0-1

[Event "Kalamazoo Mini-Swiss.1"]
[Site "Kalamazoo, MI"]
[Date "1998.??.??"]
[Round "?"]
[White "Krzyston, Joe"]
[Black "Alder, S."]
[Result "1/2-1/2"]
[WhiteElo "1605"]
[BlackElo "1605"]
[PlyCount "76"]
[EventDate "1998.??.??"]

1. e4 g6 2. Nf3 Bg7 3. c3 d6 4. d4 e5 5. Bc4 Ne7 6. d5 Nd7 7. Be3 Nf6 8. Nbd2
O-O 9. O-O c6 10. dxc6 Nxc6 11. Ng5 h6 12. Ne6 Bxe6 13. Bxe6 fxe6 14. Qc2 Ng4
15. Qb3 Qd7 16. Rad1 Nxe3 17. fxe3 Rxf1+ 18. Rxf1 Rf8 19. Rd1 Na5 20. Qa3 Nc6
21. Nc4 d5 22. Qd6 Nb8 23. exd5 Qf7 24. h3 exd5 25. Nxe5 Qf2+ 26. Kh2 Bxe5+ 27.
Qxe5 Nc6 28. Qxd5+ Qf7 29. Qxf7+ Rxf7 30. Kg1 Ne5 31. b3 Re7 32. Rd8+ Kg7 33.
a3 Nf7 34. Rd5 Rxe3 35. Rc5 Re5 36. Rc7 Re3 37. Kf2 Rd3 38. Ke2 Rg3 1/2-1/2

[Event "Michigan Open Reserve"]
[Site "Flint, MI"]
[Date "1998.??.??"]
[Round "?"]
[White "Krimmel, J."]
[Black "Duncan, Robert"]
[Result "0-1"]
[WhiteElo "1605"]
[BlackElo "1605"]
[PlyCount "54"]
[EventDate "1998.09.??"]

1. e4 Nf6 2. d4 Nxe4 3. Bd3 Nf6 4. Bg5 g6 5. Bxf6 exf6 6. Nf3 Qe7+ 7. Be2 Qb4+
8. Nbd2 Qxb2 9. O-O Bg7 10. Bd3 O-O 11. Nc4 Qb4 12. Rb1 Qe7 13. Re1 Qd8 14. Be4
d5 15. Bd3 dxc4 16. Bxc4 b6 17. d5 Qd6 18. Nd4 a6 19. Rb3 Bh6 20. Rg3 Kh8 21.
Nf3 Bf4 22. Nh4 Bxg3 23. hxg3 Nd7 24. Nf3 Bb7 25. g4 Rae8 26. Rf1 Ne5 27. Nxe5
fxe5 0-1

[Event "Michigan Open Reserve"]
[Site "Flint, MI"]
[Date "1998.??.??"]
[Round "?"]
[White "Krimmel, J."]
[Black "Ballou, Max"]
[Result "1-0"]
[WhiteElo "1605"]
[BlackElo "1605"]
[PlyCount "99"]
[EventDate "1998.09.??"]

1. e4 e5 2. Nf3 Nc6 3. Bb5 a6 4. Bxc6 dxc6 5. d3 Bd6 6. Nc3 Nf6 7. Bg5 O-O 8.
O-O Be6 9. Ne2 c5 10. Ng3 c4 11. Nh5 cxd3 12. cxd3 Re8 13. Nxf6+ gxf6 14. Bh6
Bf8 15. Be3 Qd7 16. d4 Bc4 17. Re1 c6 18. dxe5 Qxd1 19. Raxd1 fxe5 20. Bg5 Be7
21. Bxe7 Rxe7 22. b3 Be6 23. Nxe5 c5 24. Nd3 b6 25. Nf4 b5 26. Rd6 c4 27. Red1
Ree8 28. Nxe6 fxe6 29. bxc4 bxc4 30. Rc6 Rec8 31. Rdd6 e5 32. f3 c3 33. Rxc8+
Rxc8 34. Rd1 c2 35. Rc1 Kf7 36. Kf2 Kg6 37. Ke3 h5 38. Kd2 h4 39. Rxc2 Rh8 40.
Rc6+ Kg5 41. Rxa6 h3 42. g3 Rd8+ 43. Ke3 Rd1 44. f4+ exf4+ 45. gxf4+ Kg4 46. f5
Rh1 47. f6 Rxh2 48. f7 Re2+ 49. Kxe2 h2 50. Rh6 1-0

[Event "Michigan Class D/E"]
[Site "Grand Rapids, MI"]
[Date "1998.??.??"]
[Round "?"]
[White "Kotman, Matthew"]
[Black "Worley, Ron"]
[Result "0-1"]
[WhiteElo "1605"]
[BlackElo "1605"]
[PlyCount "40"]
[EventDate "1998.01.??"]

1. d4 f5 2. e3 Nf6 3. Nc3 g6 4. Be2 Bg7 5. h4 h5 6. Nf3 d6 7. Ng5 O-O 8. e4
fxe4 9. Ncxe4 Nxe4 10. Nxe4 Nc6 11. c3 e5 12. d5 Ne7 13. Ng5 Nf5 14. Bxh5 gxh5
15. Qxh5 Nh6 16. Qg6 Bf5 17. Qh5 Qf6 18. O-O Bg4 19. Qxh6 Bxh6 20. Ne4 Qxh4 0-1

[Event "Michigan Class D/E"]
[Site "Grand Rapids, MI"]
[Date "1998.??.??"]
[Round "?"]
[White "Kotman, Matthew"]
[Black "Vaughn, Gerald"]
[Result "1-0"]
[WhiteElo "1605"]
[BlackElo "1605"]
[PlyCount "69"]
[EventDate "1998.01.??"]

1. d4 d5 2. Nf3 c5 3. c3 cxd4 4. cxd4 Nc6 5. e3 e6 6. Bb5 Bd7 7. O-O a6 8. Be2
Nf6 9. Nc3 b5 10. a3 Be7 11. b4 O-O 12. Bd3 h6 13. e4 Qc7 14. e5 Nxd4 15. exf6
Nxf3+ 16. Qxf3 Bxf6 17. Bd2 Bxc3 18. Bxc3 Rac8 19. Bd2 f5 20. Rac1 Qb7 21. Rxc8
Bxc8 22. Qg3 Kh7 23. h4 Qf7 24. Rc1 Bb7 25. Rc7 Qf6 26. Rxb7 e5 27. f3 e4 28.
fxe4 fxe4 29. Bxe4+ dxe4 30. Bc3 Qf1+ 31. Kh2 Qf4 32. Qxf4 Rxf4 33. Rxg7+ Kh8
34. Rf7+ Kg8 35. Rxf4 1-0

[Event "Michigan Class D/E"]
[Site "Grand Rapids, MI"]
[Date "1998.??.??"]
[Round "?"]
[White "Kotman, Matthew"]
[Black "McAllister, Don"]
[Result "1-0"]
[WhiteElo "1605"]
[BlackElo "1605"]
[PlyCount "159"]
[EventDate "1998.01.??"]

1. d4 e6 2. Nf3 d5 3. c3 c5 4. Bg5 Be7 5. Bxe7 Qxe7 6. e3 c4 7. Nbd2 Nf6 8. Ne5
Nbd7 9. Ndf3 O-O 10. Be2 Ne4 11. O-O f6 12. Nxd7 Bxd7 13. Nd2 Nxd2 14. Qxd2 Rf7
15. Qc2 Rff8 16. e4 b5 17. exd5 exd5 18. Rfe1 Rae8 19. Qd2 Qf7 20. b4 Re6 21.
Bf3 Bc6 22. Rxe6 Qxe6 23. Re1 Qf7 24. h3 Re8 25. Rxe8+ Qxe8 26. Qe3 Qxe3 27.
fxe3 Kf7 28. g4 g5 29. Kf2 Ke7 30. Kg3 h6 31. h4 Kd7 32. hxg5 hxg5 33. Kf2 Kc7
34. Ke2 Kb6 35. Kd2 Kc7 36. Ke2 Kd6 37. Kf2 Ke6 38. Kg3 f5 39. gxf5+ Kxf5 40.
Bg2 Ba8 41. Bh1 Bc6 42. Bg2 Kg6 43. a3 Kh5 44. Bh1 g4 45. Bg2 Kg5 46. Bh1 Kf5
47. Bg2 a6 48. Bh1 Ke6 49. Kxg4 Kf6 50. Bg2 Bd7+ 51. Kg3 Kf5 52. Bxd5 Bc8 53.
e4+ Kf6 54. e5+ Ke7 55. Kf4 Kd7 56. Kg5 Ke7 57. Kg6 Be6 58. Bb7 Bf7+ 59. Kg5
Ke6 60. Kf4 Be8 61. d5+ Kd7 62. d6 Ke6 63. Bg2 Bf7 64. Ke4 Bg6+ 65. Kd4 Bf5 66.
Bb7 Kd7 67. Kc5 Ke6 68. Bc8+ Kxe5 69. Bxf5 Kxf5 70. d7 Ke5 71. d8=Q Kf4 72. Qe8
Kf5 73. Kd6 Kf4 74. Qe5+ Kf3 75. Kd5 Kg4 76. Qf6 Kg3 77. Ke4 Kh3 78. Qg7 a5 79.
Kf3 axb4 80. Qg3# 1-0

[Event "Michigan Class D/E"]
[Site "Grand Rapids, MI"]
[Date "1998.??.??"]
[Round "?"]
[White "Kotman, Matthew"]
[Black "Bainbridge, Chris"]
[Result "1-0"]
[WhiteElo "1605"]
[BlackElo "1605"]
[PlyCount "129"]
[EventDate "1998.01.??"]

1. d4 e6 2. c4 d5 3. Nc3 dxc4 4. e4 Nf6 5. Bxc4 Bb4 6. Bg5 O-O 7. e5 Nbd7 8.
exf6 Nxf6 9. Nf3 b6 10. O-O Bb7 11. a3 Be7 12. Re1 Ng4 13. Bxe7 Qxe7 14. Ne5
Nxe5 15. dxe5 Qg5 16. Bf1 f5 17. Qc1 f4 18. Nb5 Qg4 19. f3 Bxf3 20. Qc2 Bd5 21.
h3 Qg3 22. Qf2 Qg5 23. Nxc7 f3 24. Nxd5 exd5 25. Rad1 Rad8 26. Rd4 Rf5 27. Rg4
Qh5 28. gxf3 Rdf8 29. f4 g5 30. Qg3 h6 31. Be2 Qf7 32. fxg5 hxg5 33. Rxg5+ Rxg5
34. Qxg5+ Kh8 35. Qh5+ Qxh5 36. Bxh5 Rg8+ 37. Bg4 Kh7 38. e6 Re8 39. Rd1 Kg7
40. Rxd5 Kf6 41. Rf5+ Kxe6 42. Rf8+ Ke7 43. Rxe8+ Kxe8 44. Kf2 Kd8 45. Ke3 Kc7
46. h4 Kc6 47. Kd4 Kb5 48. Kc3 a5 49. h5 Ka4 50. Bd1+ Kb5 51. h6 a4 52. h7 Kc5
53. Bxa4 b5 54. h8=Q bxa4 55. Qd4+ Kb5 56. Qb4+ Kc6 57. Qxa4+ Kd6 58. Qc4 Ke5
59. b4 Kf6 60. b5 Ke7 61. b6 Kd7 62. b7 Ke7 63. b8=Q Kf6 64. Qc5 Ke6 65. Qbb6+
1-0

[Event "Lansing Mini-Swiss.1"]
[Site "Lansing, MI"]
[Date "1998.??.??"]
[Round "?"]
[White "Kitts, Gary"]
[Black "Triplett, Thomas"]
[Result "1/2-1/2"]
[WhiteElo "2040"]
[BlackElo "1895"]
[PlyCount "106"]
[EventDate "1998.??.??"]

1. e4 c5 2. Nc3 Nc6 3. g3 g6 4. Bg2 Bg7 5. d3 d6 6. f4 e6 7. Nf3 Nge7 8. Be3
Nd4 9. O-O O-O 10. e5 Nxf3+ 11. Qxf3 Nf5 12. Bf2 Nd4 13. Qd1 dxe5 14. fxe5 Bxe5
15. Ne4 Bd6 16. c3 Nf5 17. Nxc5 Rb8 18. Ne4 Be7 19. Bxa7 Ra8 20. Bf2 Bd7 21. a3
Bc6 22. Qe2 Qc7 23. Rad1 Ba4 24. Rd2 Bb3 25. Qg4 h5 26. Qe2 Kg7 27. Re1 f6 28.
d4 Bc4 29. Qd1 b6 30. b3 Bd5 31. c4 Bc6 32. d5 exd5 33. cxd5 Bxa3 34. dxc6 Kh6
35. Nd6 Bxd6 36. Re6 Rfd8 37. Be4 Be5 38. Bxf5 Ra1 39. Be3+ g5 40. Bxg5+ Kxg5
41. Bb1 Rxb1 42. Qxb1 Rxd2 43. Qe1 Ra2 44. Qe4 Qd8 45. h4+ Kh6 46. Qxe5 Qd1+
47. Qe1 Qd4+ 48. Qe3+ Qxe3+ 49. Rxe3 Rc2 50. Re6 Kg6 51. c7 Rxc7 52. Rxb6 Rc2
53. Rb5 Rb2 1/2-1/2

[Event "Lansing Mini-Swiss.1"]
[Site "Lansing, MI"]
[Date "1998.??.??"]
[Round "?"]
[White "Kitts, Gary"]
[Black "Pirochta, T."]
[Result "0-1"]
[WhiteElo "2040"]
[BlackElo "1800"]
[PlyCount "70"]
[EventDate "1998.??.??"]

1. e4 c5 2. Nc3 Nc6 3. d3 Nf6 4. g3 g6 5. Bg2 Bg7 6. Be3 d6 7. Qd2 O-O 8. Bh6
Bd7 9. O-O-O Rb8 10. Bxg7 Kxg7 11. f4 e6 12. Nf3 d5 13. e5 Ne8 14. Qf2 Qa5 15.
Kb1 d4 16. Ne4 Nb4 17. a3 Na6 18. g4 b5 19. Nfd2 b4 20. Nc4 Qc7 21. a4 Bxa4 22.
b3 Bb5 23. Ncd6 Nxd6 24. Nxd6 Qa5 25. f5 Nc7 26. f6+ Kh8 27. Qh4 Be8 28. Qh6
Rg8 29. Bc6 Nd5 30. Bxe8 Rb7 31. Nxf7+ Rxf7 32. Bxf7 Qa3 33. c4 Nc3+ 34. Kc2
Qa2+ 35. Kc1 Ne2# 0-1

[Event "Lansing Mini-Swiss.1"]
[Site "Lansing, MI"]
[Date "1998.??.??"]
[Round "?"]
[White "Kitts, Gary"]
[Black "June, Brian"]
[Result "1-0"]
[WhiteElo "2040"]
[BlackElo "1800"]
[PlyCount "109"]
[EventDate "1998.??.??"]

1. e4 c5 2. Nc3 Nc6 3. g3 d6 4. Bg2 Nf6 5. d3 e6 6. f4 Be7 7. Nf3 O-O 8. O-O a6
9. Ne2 Qc7 10. c3 b5 11. h3 Bb7 12. g4 Rfd8 13. Ng3 d5 14. e5 Ne8 15. Qe2 d4
16. Ne4 c4 17. Rd1 dxc3 18. bxc3 cxd3 19. Rxd3 Rxd3 20. Qxd3 Rd8 21. Qe2 Na5
22. Bd2 Bxe4 23. Qxe4 Nc4 24. Be1 Bc5+ 25. Kh1 Qd7 26. Bf1 Ne3 27. Be2 Qd5 28.
Qxd5 Rxd5 29. Rc1 Ba3 30. Rb1 Rd8 31. Bf2 Nd5 32. Bd4 Nxf4 33. Bd1 Nxh3 34. Kg2
Nf4+ 35. Kg3 Ng6 36. Ng5 h6 37. Ne4 Nc7 38. Bf3 Nd5 39. g5 hxg5 40. Nxg5 Rc8
41. Nxf7 Kxf7 42. Bh5 Rh8 43. Rf1+ Ke7 44. Bxg6 Rf8 45. Rh1 Rc8 46. Rh7 Rg8 47.
Kg4 Kf8 48. Rh3 Ne7 49. Rf3+ Nf5 50. Bxf5 exf5+ 51. Kxf5 g5 52. Kg4+ Ke8 53.
Rf6 Rh8 54. Rxa6 Bc1 55. Ra8+ 1-0

[Event "Lansing Mini-Swiss.1"]
[Site "Lansing, MI"]
[Date "1998.??.??"]
[Round "?"]
[White "Kitts, Gary"]
[Black "Garrison, Ray"]
[Result "1-0"]
[WhiteElo "2040"]
[BlackElo "1840"]
[PlyCount "69"]
[EventDate "1998.??.??"]

1. e4 e6 2. d4 d5 3. Nd2 Nf6 4. e5 Nfd7 5. Bd3 c5 6. c3 Nc6 7. Ne2 cxd4 8. cxd4
f6 9. exf6 Nxf6 10. O-O Bd6 11. Nf3 O-O 12. Bg5 Kh8 13. Rc1 e5 14. dxe5 Nxe5
15. Nxe5 Bxe5 16. Nc3 Qe8 17. Bxf6 Rxf6 18. Nxd5 Bxh2+ 19. Kxh2 Qe5+ 20. Kg1
Qxd5 21. Be4 Qxa2 22. Qc2 Bg4 23. Bxb7 Rb8 24. Ra1 Qf7 25. Be4 Qh5 26. f3 Be6
27. Rxa7 Qg5 28. Qc1 Qg3 29. Qc7 Qxc7 30. Rxc7 Rff8 31. Re1 Rfe8 32. b4 Rxb4
33. Bd5 Rb6 34. Rxe6 Rbxe6 35. Bxe6 1-0

[Event "Michigan Class B"]
[Site "Grand Rapids, MI"]
[Date "1998.??.??"]
[Round "?"]
[White "King, Kenny"]
[Black "King, Edwin"]
[Result "1-0"]
[WhiteElo "1710"]
[BlackElo "1640"]
[PlyCount "37"]
[EventDate "1998.01.??"]

1. d4 d5 2. Nc3 Nf6 3. Bg5 c5 4. Bxf6 gxf6 5. e3 Nc6 6. Qh5 e6 7. O-O-O Bd7 8.
dxc5 Qa5 9. Nge2 Bxc5 10. Qh6 Ke7 11. Nf4 d4 12. Ne4 Rhc8 13. Qxf6+ Ke8 14. Ng5
Nd8 15. Nxh7 Ba4 16. Bd3 Nc6 17. Ng5 Qc7 18. Nxf7 Be7 19. Qg6 1-0

[Event "Michigan Class B"]
[Site "Grand Rapids, MI"]
[Date "1998.??.??"]
[Round "?"]
[White "King, Kenny"]
[Black "Franklin, Stan"]
[Result "1/2-1/2"]
[WhiteElo "1710"]
[BlackElo "1635"]
[PlyCount "92"]
[EventDate "1998.01.??"]

1. d4 Nf6 2. Nc3 d5 3. Bg5 e6 4. e4 Be7 5. e5 Nfd7 6. h4 c5 7. Nb5 O-O 8. Bxe7
Qxe7 9. Nc7 cxd4 10. a3 Nc6 11. Nxa8 Ndxe5 12. Nf3 Nxf3+ 13. Qxf3 b6 14. Qg3 e5
15. Qg5 f6 16. Qh5 Bb7 17. Bd3 g6 18. Qg4 f5 19. Qg3 Bxa8 20. O-O-O e4 21. Rde1
Ne5 22. Bb5 Rc8 23. Kb1 Bc6 24. Bxc6 Rxc6 25. Qb3 Qc5 26. Rc1 a5 27. h5 e3 28.
fxe3 dxe3 29. Rcd1 Nc4 30. Qd3 Nd2+ 31. Kc1 b5 32. hxg6 hxg6 33. Rhe1 d4 34.
Rxd2 exd2+ 35. Qxd2 b4 36. axb4 axb4 37. Kd1 Ra6 38. Qd3 Ra1+ 39. Kd2 Rxe1 40.
Kxe1 Qd5 41. Kf2 Kg7 42. c3 bxc3 43. bxc3 Qa2+ 44. Kf3 dxc3 45. Qxc3+ Kg8 46.
Qc8+ Kh7 1/2-1/2

[Event "Michigan Class B"]
[Site "Grand Rapids, MI"]
[Date "1998.??.??"]
[Round "?"]
[White "King, Kenny"]
[Black "Brumley, Ron"]
[Result "0-1"]
[WhiteElo "1710"]
[BlackElo "1645"]
[PlyCount "58"]
[EventDate "1998.01.??"]

1. d4 Nf6 2. Nc3 g6 3. e4 d6 4. f4 Bg7 5. Nf3 O-O 6. h4 h5 7. e5 Ng4 8. Bc4 c5
9. Qd3 Bf5 10. Qe2 a6 11. e6 cxd4 12. exf7+ Kh8 13. Nd1 e5 14. fxe5 dxe5 15.
Ng5 Qc7 16. Bd3 Nc6 17. Bxf5 gxf5 18. Nf2 Nd8 19. Nxg4 hxg4 20. Rf1 Qd7 21. Qf2
f4 22. Bxf4 exf4 23. Qxf4 Qe7+ 24. Kd1 Nxf7 25. Nxf7+ Kg8 26. Qxg4 Rxf7 27. Re1
Qd7 28. Qg3 Rc8 29. h5 Qf5 0-1